000 00603nam a2200205 a 4500
005 20230601063808.0
008 991125s1982 mx 000 0 spa u
020 _a9685802459
035 _aUPN01000008362
049 _aCG
050 4 _aHN340 A2
_bC6.2 1982
100 1 _aCotler, Julio
245 1 0 _aClases, estado y nación en el Perú /
_cJulio Cotler.
260 _aMéxico :
_bUNAM, Instituto de Investigaciones Sociales,
_c1982.
300 _a339 p.
650 4 _aCLASES SOCIALES -
_zPERU
_910868
651 4 _aPERU -
_xCONDICIONES SOCIALES
651 4 _aPerú
_xHistoria
_910039
905 _aLibro
999 _c8362
_d8362